000 00847nam a2200229 4500
001 148446
003 ES-MaACL
005 20250815150618.0
007 t|
008 070214s1946 ag r ||||1| spa d
100 1 _aStravinsky, Igor.
_9139612
245 1 0 _aPoética musical /
_cIgor Strawinsky ; traducción del francés por Eduardo Grau ; nota preliminar por Adolfo Salazar.
260 _aBuenos Aires :
_bEmecé,
_c1946 (
_fDidot)
300 _a164 p. ;
_c18 cm.
490 1 _aBiblioteca Emecé de obras universales. Ensayo y crítica ;
_v59
650 7 _aEstética musical
_2embne
_912548
700 1 _aGrau, Eduardo.
_959728
700 1 _aSalazar, Adolfo,
_d1890-1958
_9101798
830 1 _aBiblioteca Emecé de obras universales. Ensayo y crítica ;
_v59
_9221008
852 _aES-MaACL
_jE-1200
999 _c148446
_d148446